[Event "OP-2011-0-01562"]
[Site "LSS email"]
[Date "2011.05.30"]
[Round "?"]
[White "Russell, Ian"]
[Black "Rush, Bradley"]
[Result "1-0"]
[WhiteElo "1908"]
[BlackElo "1117"]
[PlyCount "49"]
[EventDate "2011.05.27"]
[EventType "tourn (corr)"]
[EventRounds "4"]
[EventCountry "GER"]
[SourceTitle "Telechess CBM 151"]
[Source "ChessBase"]
[SourceDate "2012.11.13"]
[SourceVersion "1"]
[SourceVersionDate "2012.11.13"]
[SourceQuality "1"]

1. e4 e6 2. d4 a6 3. c3 b5 4. f4 Bb7 5. Bd3 Nf6 6. Qe2 c5 7. Nf3 c4 8. Bc2 Be7 9. a4 Nc6 10. 0-0 Qc7 11. axb5 axb5 12. Rxa8+ Bxa8 13. Na3 Qb7 14. Bd2 d5 15. e5 Nd7 16. f5 h6 17. Nh4 Kd8 18. fxe6 fxe6 19. Ng6 Re8 20. Nxe7 Nxe7 21. Qg4 Qb6 22. Qxg7 Rg8 23. Qxh6 Nxe5 24. Rf8+ Kd7 25. Rxg8 1-0

[Event "SB-2011-0-00153"]
[Site "LSS email"]
[Date "2011.05.23"]
[Round "?"]
[White "Russell, Ian"]
[Black "Egorov, Vladimir Alekseevic"]
[Result "0-1"]
[WhiteElo "1908"]
[BlackElo "2123"]
[PlyCount "98"]
[EventDate "2011.05.06"]
[EventType "tourn (corr)"]
[EventRounds "6"]
[EventCountry "GER"]
[SourceTitle "Telechess CBM 149"]
[Source "ChessBase"]
[SourceDate "2012.07.17"]
[SourceVersion "1"]
[SourceVersionDate "2012.07.17"]
[SourceQuality "1"]

1. e4 c6 2. d4 d5 3. Nc3 dxe4 4. Nxe4 Bf5 5. Ng3 Bg6 6. Nh3 Nf6 7. Nf4 Nbd7 8. Nxg6 hxg6 9. Be2 e5 10. 0-0 Bd6 11. dxe5 Bxe5 12. Re1 Qc7 13. Bc4 0-0 14. c3 Rfe8 15. Qc2 Nb6 16. Bf1 Re6 17. Bd2 Rae8 18. a3 Qd8 19. h3 Bxg3 20. fxg3 Ne4 21. Rad1 Nd5 22. c4 Qb6+ 23. Kh2 Ndf6 24. Be3 Qa5 25. g4 Nxg4+ 26. hxg4 Nf6 27. Bd2 Nxg4+ 28. Kg3 Qc5 29. Rxe6 Qf2+ 30. Kxg4 Rxe6 31. c5 Kh7 32. Qd3 Re4+ 33. Qxe4 f5+ 34. Qxf5 gxf5+ 35. Kh3 Qd4 36. Kh2 g5 37. Kh1 Kg6 38. Be2 Qxb2 39. Kg1 Qxa3 40. Kf2 f4 41. Rb1 Qxc5+ 42. Kf1 b6 43. Be1 Qe7 44. Bd3+ Kf7 45. Be2 Qe6 46. Rb4 Kf8 47. Rd4 a5 48. Bc3 Qb3 49. Rd3 a4 0-1

[Event "SB-2011-0-00153"]
[Site "LSS email"]
[Date "2011.05.23"]
[Round "?"]
[White "Sherwood, Russell"]
[Black "Russell, Ian"]
[Result "1/2-1/2"]
[WhiteElo "1963"]
[BlackElo "1908"]
[PlyCount "67"]
[EventDate "2011.05.06"]
[EventType "tourn (corr)"]
[EventRounds "6"]
[EventCountry "GER"]
[SourceTitle "Telechess CBM 149"]
[Source "ChessBase"]
[SourceDate "2012.07.17"]
[SourceVersion "1"]
[SourceVersionDate "2012.07.17"]
[SourceQuality "1"]

1. e4 e6 2. d4 d5 3. e5 c5 4. c3 Nc6 5. Be3 Nge7 6. Bd3 Qb6 7. Qd2 cxd4 8. cxd4 Nb4 9. Be2 Nf5 10. Nc3 Nh4 11. g3 Ng2+ 12. Kf1 Nxe3+ 13. fxe3 Be7 14. Nh3 Bd7 15. Rc1 0-0 16. Kg2 Rac8 17. Nf4 a6 18. Rhf1 Nc6 19. a3 Na5 20. Ncxd5 exd5 21. Nxd5 Bc6 22. Rxc6 Qxc6 23. Bf3 Qd7 24. Qxa5 Rc2+ 25. Rf2 Rxf2+ 26. Kxf2 Rc8 27. Qd2 Bd8 28. Kg2 h5 29. h4 g6 30. Nc3 b5 31. Qd3 Kg7 32. Qe2 f6 33. exf6+ Bxf6 34. Qf2 1/2-1/2

[Event "BI-2011-P-00033"]
[Site "LSS email"]
[Date "2011.04.17"]
[Round "?"]
[White "Vio, Mauro"]
[Black "Russell, Ian"]
[Result "0-1"]
[WhiteElo "1566"]
[BlackElo "1908"]
[PlyCount "56"]
[EventDate "2011.04.20"]
[EventType "tourn (corr)"]
[EventRounds "10"]
[EventCountry "GER"]
[SourceTitle "Telechess CBM 157"]
[Source "ChessBase"]
[SourceDate "2013.11.12"]
[SourceVersion "1"]
[SourceVersionDate "2013.11.12"]
[SourceQuality "1"]

1. d4 Nc6 2. d5 Ne5 3. Nc3 e6 4. dxe6 fxe6 5. Nf3 Nxf3+ 6. gxf3 Nf6 7. Bg5 Be7 8. Qd3 c5 9. e4 d5 10. 0-0-0 d4 11. Ne2 0-0 12. Rg1 e5 13. h4 Be6 14. f4 c4 15. Qf3 Qa5 16. Bh3 Bxh3 17. Qxh3 Qxa2 18. Qe6+ Rf7 19. Bxf6 Bxf6 20. fxe5 Qa1+ 21. Kd2 Qa5+ 22. c3 dxc3+ 23. bxc3 Qxe5 24. Qxe5 Bxe5 25. Ke1 a5 26. Rd5 Bf6 27. Rg4 a4 28. e5 a3 0-1

[Event "SB-2011-0-00139"]
[Site "LSS email"]
[Date "2011.03.21"]
[Round "?"]
[White "Morcin, Tom"]
[Black "Russell, Ian"]
[Result "1/2-1/2"]
[WhiteElo "1841"]
[BlackElo "1844"]
[PlyCount "64"]
[EventDate "2011.02.26"]
[EventType "tourn (corr)"]
[EventRounds "6"]
[EventCountry "GER"]
[SourceTitle "Telechess CBM 151"]
[Source "ChessBase"]
[SourceDate "2012.11.13"]
[SourceVersion "1"]
[SourceVersionDate "2012.11.13"]
[SourceQuality "1"]

1. d4 g6 2. e4 Bg7 3. c4 d6 4. Nc3 e5 5. Nf3 Nc6 6. d5 Nce7 7. Be2 f5 8. exf5 Nxf5 9. g4 Nh4 10. Ng5 Bh6 11. Nce4 Nf6 12. Rg1 Nxe4 13. Nxe4 Bxc1 14. Qxc1 h6 15. c5 g5 16. Bb5+ Kf7 17. Qc3 Rf8 18. Be2 Ng6 19. Qa3 Kg7 20. 0-0-0 Qe7 21. cxd6 cxd6 22. Rd2 Rd8 23. Kb1 Nf4 24. f3 Bd7 25. Bd3 Nxd3 26. Rxd3 Be8 27. Rc3 Bg6 28. h3 Rdc8 29. Rgc1 Rxc3 30. Rxc3 Rf8 31. Kc1 Bxe4 32. fxe4 Rf1+ 1/2-1/2

[Event "SB-2011-0-00139"]
[Site "LSS email"]
[Date "2011.03.21"]
[Round "?"]
[White "Russell, Ian"]
[Black "Shishkin, Victor A"]
[Result "1/2-1/2"]
[WhiteElo "1844"]
[BlackElo "1885"]
[PlyCount "44"]
[EventDate "2011.02.26"]
[EventType "tourn (corr)"]
[EventRounds "6"]
[EventCountry "GER"]
[SourceTitle "Telechess CBM 151"]
[Source "ChessBase"]
[SourceDate "2012.11.13"]
[SourceVersion "1"]
[SourceVersionDate "2012.11.13"]
[SourceQuality "1"]

1. e4 e5 2. f4 exf4 3. Bc4 Nf6 4. Nc3 c6 5. Qf3 d5 6. exd5 Bd6 7. Qe2+ Be7 8. d4 cxd5 9. Bb5+ Nc6 10. Bxf4 0-0 11. Nf3 Re8 12. 0-0 Ba3 13. Qd3 Bxb2 14. Rab1 Bxc3 15. Qxc3 Ne4 16. Qa3 Bg4 17. Ne5 Bd7 18. Nxf7 Qe7 19. Bd6 Qe6 20. Bd3 Nxd4 21. Rxb7 Bc6 22. Rc7 Nb5 1/2-1/2

[Event "LSS RB-2010-0-00105"]
[Site "LSS email"]
[Date "2011.02.14"]
[Round "?"]
[White "Russell, Ian"]
[Black "Ponting, Andrew"]
[Result "1-0"]
[WhiteElo "1916"]
[BlackElo "1620"]
[PlyCount "35"]
[EventDate "2010.12.21"]
[EventType "tourn (corr)"]
[EventRounds "6"]
[EventCountry "GER"]
[SourceTitle "Telechess CBM 145"]
[Source "Chessbase"]
[SourceDate "2011.11.11"]
[SourceVersion "1"]
[SourceVersionDate "2011.11.11"]
[SourceQuality "1"]

1. e4 e5 2. Nf3 Nc6 3. Nc3 Nf6 4. d4 exd4 5. Nxd4 Bb4 6. Nxc6 bxc6 7. Bd3 d5 8. exd5 cxd5 9. 0-0 0-0 10. Bg5 c6 11. Qf3 Bd6 12. Rfe1 Rb8 13. Rab1 Be6 14. Ne2 Bg4 15. Bxf6 Bxf3 16. Bxd8 Bxe2 17. Rxe2 Rfxd8 18. c3 1-0

[Event "ZH-2011-0-00522"]
[Site "LSS email"]
[Date "2011.02.13"]
[Round "?"]
[White "Kudryavtsev, Yaroslav Viktorovic"]
[Black "Russell, Ian"]
[Result "1/2-1/2"]
[WhiteElo "2022"]
[BlackElo "1921"]
[PlyCount "90"]
[EventDate "2011.01.30"]
[EventType "match (corr)"]
[EventRounds "2"]
[EventCountry "GER"]
[SourceTitle "Telechess CBM 147"]
[Source "ChessBase"]
[SourceDate "2012.03.16"]
[SourceVersion "1"]
[SourceVersionDate "2012.03.16"]
[SourceQuality "1"]

1. e4 e5 2. Nf3 d6 3. d4 exd4 4. Nxd4 Nf6 5. Nc3 Be7 6. Bc4 0-0 7. 0-0 Nxe4 8. Nxe4 d5 9. Bd3 dxe4 10. Bxe4 Re8 11. Re1 Bf6 12. c3 c5 13. Nb5 Qxd1 14. Rxd1 Rxe4 15. f3 Re2 16. Nc7 Na6 17. Nxa8 Bf5 18. g4 Bc2 19. Rd7 Re8 20. Rxb7 Rxa8 21. a4 g5 22. Be3 Kg7 23. Bf2 h5 24. gxh5 Bf5 25. Rd1 Bc8 26. Rb5 Be7 27. Bg3 Kh6 28. Bd6 Bf6 29. Bxc5 Nxc5 30. Rxc5 Kxh5 31. b4 Be6 32. Kg2 Kg6 33. b5 Rh8 34. Rd2 Bd8 35. Rc6 Bb6 36. c4 Be3 37. Re2 Bf4 38. h3 Kg7 39. Rcxe6 fxe6 40. Rxe6 Kf7 41. Rc6 Rd8 42. h4 Rd2+ 43. Kh3 Rh2+ 44. Kg4 Rxh4+ 45. Kf5 Be3 1/2-1/2